Quantity surveyors fees 1999 : a survey of the fees charged by professional quantity surveying practices. (Record no. 100075)

MARC details
000 -LEADER
fixed length control field 00641cam a2200193 4500
001 - CONTROL NUMBER
control field J102919
008 - FIXED-LENGTH DATA ELEMENTS--GENERAL INFORMATION
fixed length control field 000000n1999 000 0 eng u
020 ## - INTERNATIONAL STANDARD BOOK NUMBER
International Standard Book Number 1903202019
035 ## - SYSTEM CONTROL NUMBER
System control number (Sirsi) u102919
110 ## - MAIN ENTRY--CORPORATE NAME
Corporate name or jurisdiction name as entry element Mirza & Nacey Research
9 (RLIN) 5232
245 ## - TITLE STATEMENT
Title Quantity surveyors fees 1999 : a survey of the fees charged by professional quantity surveying practices.
260 ## - PUBLICATION, DISTRIBUTION, ETC.
Place of publication, distribution, etc. Ford, West Sussex
Name of publisher, distributor, etc. Mirza & Nacey Research
Date of publication, distribution, etc. 1999
350 ## - PRICE (NR) (BK AM CF MU VM SE) [OBSOLETE]
Price 125.00
520 ## - SUMMARY, ETC.
Summary, etc. FOR REFERENCE ONLY IN THE LIBRARY - NOT TO BE PHOTOCOPIED
650 ## - SUBJECT ADDED ENTRY--TOPICAL TERM
Topical term or geographic name entry element PROFESSIONAL FEES
650 ## - SUBJECT ADDED ENTRY--TOPICAL TERM
Topical term or geographic name entry element MARKET SURVEYS
690 ## - LOCAL SUBJECT ADDED ENTRY--TOPICAL TERM (OCLC, RLIN)
Topical term or geographic name as entry element Quantity surveying
9 (RLIN) 6263
942 ## - ADDED ENTRY ELEMENTS (KOHA)
Suppress in OPAC 0
Holdings
Withdrawn status Lost status Source of classification or shelving scheme Damaged status Not for loan Home library Current library Shelving location Date acquired Cost, normal purchase price Total Checkouts Full call number Barcode Date last seen Copy number Cost, replacement price Price effective from Koha item type
    Dewey Decimal Classification     London London Basement 02/12/1999 125.00   SHELF 302 30060047 06/08/2019 1 125.00 06/08/2019 Reference material